Normal view
MARC view
- Torres Anguiano, Pilar
Entry Nombre Personal
001 - NUMERO DE CONTROL
- campo de control: 35166
003 - IDENTIFICADOR DE NUMERO DE CONTROL
- campo de control: UPN
005 - FECHA Y HORA DE LA ÜLTIMA TRANSACCIÓN
- campo de control: 20210219194500.0
008 - DATOS DE LONGITUD FIJA
- campo de control de longitud fija: nabaccnnaabn|||||||||| b |nc|||||d
035 ## - NUMERO DE CONTROL
- Número de control: UPN11000007273
040 ## - FUENTE DE CATALOGACIÓN
- Lenguaje de catalogación: SPA
- Agencia de transcripción: UPN
100 1# - ENCABEZAMIENTO - NOMBRE PERSONAL
- Nombre personal: Torres Anguiano, Pilar
400 1# - VEÁSE - NOMBRE DE PERSONA
- Personal name: Torres, Pilar
670 ## - FUENTE EN LA QUE SE LOCALIZARON DATOS
- Cita de la fuente: T
- Uniform Resource Identifier: http://books.google.com.mx/books?id=uUiSSCiBXUgC&pg=PA4&lpg=PA4&dq=pilar+torres+anguiano&source=bl&ots=pWl1eJRvEj&sig=znNxILi7Fn9-hypIW084f-g5RQ8&hl=es&sa=X&ei=cgFgU_eMF8ujyATR8oLgBA&redir_esc=y#v=onepage&q=pilar%20torres%20anguiano&f=false
902 ## - CATALOGADOR
- Catalogador: MMA/290414
